000
00235nam a2200109Ia 4500
005
20251222144721.0
008
251222s9999||||xx |||||||||||||| ||spa||
082
_a
657/F34
245
0
_a
Memoria
264
_b
Renzo Astorne
942
_c
LIB
999
_c
18206
_d
18206